| 000 | 00584 a2200169 4500 | ||
|---|---|---|---|
| 003 | Nust | ||
| 005 | 20230525114521.0 | ||
| 040 | _cNust | ||
| 082 | _a823, ABR | ||
| 245 |
_aThe Norton Anthoogy of English Literature _cM.H.Abrams |
||
| 250 | _a3rd ed | ||
| 260 |
_aNew York _bW.W norton & Co |
||
| 300 | _b2518:p | ||
| 505 | _aThe Middle Ages (To 1485) (Page-1),The Sixteenth Century (1485-1603) (Page-475),The Seventeenth Century (1603-1660) (Page-1089),The Restoration And The Eighteenth Century (1660-1798) (Page-1675). | ||
| 650 |
_a English Literature _9318 |
||
| 942 |
_2ddc _cBK |
||
| 999 |
_c186797 _d186797 |
||